International Vehicle Registration Codes - Sudden Death - Statistics

General Stats
  • This quiz has been taken 6 times
  • The average score is 4 of 15
Answers on the Grid
Answers color-coded by a green-red scale on the quiz's grid according to % correct below.
Australia - AUS
Sweden - S
Bahamas - BS
Switzerland - CH
Sri Lanka - CL
Dominican Republic - DOM
Zimbabwe - ZW
Estonia - EST
France - F
Japan - J
Morocco - MA
Mozambique - MOC
Slovenia - SLO
United Arab Emirates - UAE
Central African Republic - CAR
Slovakia - SLO
Netherlands - NET
Nauru - NR
Croatia - HV
Germany - GER
Algeria - DG
Belarus - BR
Azerbaijan - AZB
Canada - CAN
Colombia - COL
Liechtenstein - L
Jordan - JO
Mexico - MXC
New Zealand - NEW
Kenya - EAK
 
Answer Stats
Answer % Correct
Japan - J
83%
France - F
67%
Sweden - S
50%
Australia - AUS
33%
Slovenia - SLO
33%
Switzerland - CH
33%
Estonia - EST
17%
Morocco - MA
17%
Mozambique - MOC
17%
Zimbabwe - ZW
17%
Bahamas - BS
0%
Dominican Republic - DOM
0%
Kenya - EAK
0%
Sri Lanka - CL
0%
United Arab Emirates - UAE
0%
No matching quizzes found
Score Distribution
Percent of People with Each Score
Percentile by Number Answered
Your Score History
You have not taken this quiz